000 00630nam a22001695i 4500
001 154826
003 ES-MaACL
005 20230906205851.0
008 040712s1862 fr |||| | fre d
080 _a353.8(7/8=134.2)
100 1 _aGuardia, Joseph-Michel.
_9174935
245 1 4 _aLes républiques de l'Amérique espagnole /
_cpar J.M. Guardia.
260 _aParis :
_bLibrairie de L. Hachette et Cie.,
_c1862 (
_fImp. de Ch. Lahure)
300 _a61 p. ;
_c22 cm.
651 4 _aAmérica española-
_xAdministración.
_9168386
852 4 _aES-MaACL
_jT-82-F-5
_z- Enc. hol., falto de cub. original
_z- Enc. en un vol. facticio
999 _c154826
_d154826